000 01040nam a2200265 a 4500
001 000030068
005 20200930060021.0
008 110428s2005 dr a 000 0 spa d
040 _aDO-SdBNP
_bspa
_cBNPHU
082 _axxx
_bC183i
245 0 1 _aCamino a la inclusión :
_bestrategia educativas para la integracion de estudiantes con pérdidas auditivas /
_cOnelia Aybar Sepúlveda... [ et.al.].
260 _aSanto Domingo :
_bInstituto de Ayuda al Sordo Santa Rosa :
_bBanco Mundial,
_c2005.
_fEditora Búho
300 _a36 p. :
_bil. ;
_c28 cm.
490 1 _aCiencia y sociedad
500 _aIncluye referencias bibliográficas y notas al pie de las páginas
504 _aBibliografía : p. 36
700 1 _aAybar Sepúlveda, Onelia
_956771
700 1 _aCruz Marte, Clara Elena
_956772
700 1 _aMessina Arvelo, Yadixa
_956773
700 1 _aJiménez, Casilda Inmaculada
_956774
700 1 _aRomán, Hollinnngshead
_956775
700 1 _aMatos Terrero, Sonia
_956776
830 0 _aCiencia y sociedad
_921065
049 _aBNPD
999 _c29560
_d29560